|
|
|
|
| LEADER |
00000nam0a2200000 4500 |
| 001 |
108847 |
| 005 |
20231031115834.0 |
| 035 |
|
|
|a (RuTPU)RU\TPU\book\117500
|
| 090 |
|
|
|a 108847
|
| 100 |
|
|
|a 20070126d553. km y0rusy50 ca
|
| 101 |
0 |
|
|a rus
|
| 102 |
|
|
|a RU
|
| 105 |
|
|
|a a z 001zy
|
| 200 |
1 |
|
|a Применение методов промысловой геофизики при изучении газоносных коллекторов
|e [сборник статей]
|f под ред. В. Н. Дахнова, А. И. Холина
|
| 210 |
|
|
|a Москва
|c Гостоптехиздат
|d 1962
|
| 215 |
|
|
|a 280 с.
|c ил.
|
| 320 |
|
|
|a Библиография в конце статей
|
| 610 |
1 |
|
|a применение
|
| 610 |
1 |
|
|a геофизика
|
| 610 |
1 |
|
|a коллекторы
|
| 610 |
1 |
|
|a газовые пласты
|
| 610 |
1 |
|
|a газовые коллекторы
|
| 610 |
1 |
|
|a изучение
|
| 610 |
1 |
|
|a сборники
|
| 610 |
1 |
|
|a геофизическая разведка
|
| 675 |
|
|
|a 553.981
|v 3
|
| 702 |
|
1 |
|a Дахнов
|b В. Н.
|g Владимир Николаевич
|4 340
|
| 702 |
|
1 |
|a Холин
|b А. И.
|4 340
|
| 801 |
|
1 |
|a RU
|b 63413507
|c 20070126
|g PSBO
|
| 801 |
|
2 |
|a RU
|b 63413507
|c 20080915
|g PSBO
|
| 942 |
|
|
|c BK
|